Statystyki dla Nickelback - Wszystkie piosenki

Kliknij tutaj aby rozwiązać quiz!

Ogólne statystyki

  • Ten quiz został rozwiązany 8 razy
  • Średni wynik to 9 z 98

Statystyki odpowiedzi

Tytuł piosenki% Poprawnych
Lullaby
100%
Photograph
63%
How You Remind Me
63%
Trying Not to Love You
63%
When We Stand Together
63%
Rockstar
50%
Someday
50%
Far Away
38%
Animals
25%
Gotta Be Somebody
25%
If Today Was Your Last Day
25%
Never Again
25%
Savin' Me
25%
Edge Of A Revolution
13%
Feed The Machine
13%
Fly
13%
Get 'Em Up
13%
Hollywood
13%
Home
13%
I'd Come for You
13%
If Everyone Cared
13%
Just to Get High
13%
Kiss It Goodbye
13%
Make Me Believe Again
13%
Milion Mikes An Hour
13%
Miss You
13%
One Last Run
13%
Rockstar Sea Shanty
13%
S.E.X
13%
Something In Your Mouth
13%
This Afternoon
13%
Too Bad
13%
What Are You Waiting For?
13%
Where?
13%
After The Rain
0%
Another Hole in the Head
0%
Because of You
0%
Believe It or Not
0%
Bottoms Up
0%
Breathe
0%
Burn It To The Ground
0%
Coin For The Ferryman
0%
Cowboy Hat
0%
Curb
0%
Deep
0%
Detangler
0%
Diggin' This
0%
Dirty Laundry
0%
Left
0%
Don't Ever Let It End
0%
Do This Anymore
0%
Everything I Wanna Do
0%
Every Time We're Together
0%
Falls Back On
0%
Feelin' Way Too Damn Good
0%
Fight for All the Wrong Reasons
0%
Figured You Out
0%
Flat On the Floor
0%
Follow You Home
0%
For The River
0%
Good Times Gone
0%
Got Me Runnin' Down
0%
Gotta Get Some More
0%
Hangnail
0%
Holding on to Heaven
0%
Hold Out Your Hand
0%
I Don't Have
0%
Just For
0%
Leader of Men
0%
Little Friend
0%
Midnight Queen
0%
Money Bought
0%
Must Be Nice
0%
Never Gonna Be Alone
0%
Next Contestant
0%
Next Go Round
0%
Not Leavin' Yet
0%
Old Enough
0%
Pusher
0%
Satellite
0%
Sea Groove
0%
Shakin' Hands
0%
Should've Listened
0%
Side of a Bullet
0%
Silent Majority
0%
Sister Sin
0%
Someone That You're With
0%
Song on Fire
0%
The Betrayal (Act I)
0%
The Betrayal Act III)
0%
The Devil Went Down to Georgia
0%
The Hammer's Coming Down
0%
This Means War
0%
Throw Yourself Away
0%
Where Do I Hide
0%
Window Shopper
0%
Woke Up This Morning
0%
Worthy to Say
0%

Rozkład punktacji

Percentyl według liczby udzielonych odpowiedzi

Procent ludzi z każdym wynikiem

Twoja historia wyników

Nie rozwiązałeś tego quizu